| 000 | 01300nam a2200289 i 4500 | ||
|---|---|---|---|
| 003 | EG-ScBUE | ||
| 005 | 20231122125659.0 | ||
| 008 | 100331m2009 mr o af 000 0aaara d | ||
| 020 | _a9789953682380 | ||
| 040 |
_aEG-ScBUE _bara _erda _cEG-ScBUE _dEG-ScBUE |
||
| 043 | _aa-ku--- | ||
| 082 | 0 | 4 |
_222 _a953.67 _bخ ط ي |
| 100 | 1 |
_913335 _aخطيب، أحمد، _d1928- _eمؤلف. |
|
| 245 | 1 | 0 |
_aالكويت : _bمن الإمارة إلى الدولة : ذكريات العمل الوطني والقومي. _nالجزء الثاني / _cالدكتور أحمد الخطيب يتذكر ؛ إشراف د. غانم النجار. |
| 250 | _aالطبعة الأولى. | ||
| 264 | 1 |
_aالدار البيضاء : _bالمركز الثقافي العربي، _c2009. |
|
| 300 |
_a303 صفحة : _bصور ؛ _c24 سم |
||
| 336 |
_2rdacontent _aنص _btxt |
||
| 337 |
_aبدون وسيط _2rdamedia _bn |
||
| 338 |
_aمجلد _bnc _2rdacarrier |
||
| 600 | 1 | 7 |
_aخطيب، أحمد، _d1928- _2BUEsh |
| 650 | 7 |
_913337 _aالسياسيون الكويتيون _vتراجم. _2BUEsh |
|
| 651 | 7 |
_913336 _aالكويت _xتاريخ _yالعصر الحديث _yعبدالله سالم الصباح 1950-1965. _2BUEsh |
|
| 655 | _vReading book | ||
| 700 | 1 |
_913338 _aنجار، غانم، _eمشرف. |
|
| 942 |
_2ddc _cBB |
||
| 999 |
_c13839 _d13839 |
||